000 00796nam a22001697a 4500
999 _c60817
_d60817
005 20231025103742.0
008 231025s1963 ru ||||| |||| 00| 0 rus d
041 _arus
080 _a008+7(495) Ш-20
100 _aШандровская, В. С.
_920238
245 _aКультура и искусство Византии :
_bДля детей среднего и старшего возраста /
_c В. С. Шандровская.
264 _aЛенинград :
_bИзд-во Гос. Эрмитажа,
_c 1963.
300 _a84 с. :
_bил.;
_c17 см.
440 _aПутешествия в прошлое: по залам Эрмитажа
_920239
653 _aბიზანტიის კულტურა და ხელოვნება
942 _2udc
_cᲬᲘᲒᲜᲘ